000 00701nam a2200253 a 4500
001 BRCA_7126
005 20190320205724.0
008 100112s1937----nyu#######---#000-0#eng-#
041 _aeng
044 _anyu
050 4 _aRC530
_b.H66 1937
100 1 _aHorney, Karen
_d1885-1952
_917705
245 1 0 _aThe neurotic personality of our time
_cby Karen Horney.
260 _aNueva York
_bW. W. Norton
_cc1937
300 _axii, 299 p.
_c21 cm.
500 _aContiene la firma del señor Franz Mayer
500 _aIncluye índice alfabético
500 _aP6
650 1 4 _aNeurosis
_917706
650 1 4 _aPsicoanalisis
_917119
650 1 4 _aPersonalidad
_917707
902 _aGFM
942 _2lcc
_cB
999 _c6807
_d6807